000 01005nam a2200241 a 4500
999 _c12126
_d12126
001 12126
003 BD-JhCC
005 20210408134018.0
008 210318s20112013bg |||| |||| 000 0 ben d
020 _a9789848980170
035 _a(BD-JhCC)12126
040 _aBD-JhCC
_dBD-JhCC
041 _aben
082 _a006.696
_bAHM 2013
100 _aআহমেদ, রাজিব
245 _aঅটোডেস্ক থ্রিডিস ম্যাক্স ২০১২ :
_bভার্সনঃ ৫.০, ৬.০, ৭.০, ৯.০ ও ২০১১ এর ক্ষেত্রেও প্রযোজ্য /
_cরাজিব আহমেদ
260 _aঢাকা :
_bসিসটেক পাবলিকেশন্স,
_c২০১৩.
300 _aviii, ৬২৪ পৃ. :
_bচিত্রাবলী সংযোজিত,
_c২৪ সেমি.
650 _aComputer graphics
650 _aThree-dimensional display systems
650 _aComputer animation
942 _2ddc
_cBK
_02